Rozvoj metod organizace práce jako předpoklad efektivního využívání pracovních sil.

Tradičné formy organizácie práce a formy, ktoré umožňujú tvorivé uplatnenie pracovníkov. Striedanie pracovných operácií, ich združovanie, spojovanie funkcií, profesií. Použiteľnosť jednotlivých foriem organizácie práce. Možnosti uplatnenia kolektívnych foriem organizácie práce. Hodnotenie projektov...

Descrizione completa

Salvato in:
Dettagli Bibliografici
Autore principale: Hüttlová, Eva
Altri autori: Hrabětová, E.
Natura: Capitolo di libro
Lingua:ceco
Soggetti:
Tags: Aggiungi Tag
Nessun Tag, puoi essere il primo ad aggiungerne!!

MARC

LEADER 00000naa a2200000 4500
001 r008297
005 20220831073251.0
041 0 |a cze 
044 |a [CS] 
245 1 0 |a Rozvoj metod organizace práce jako předpoklad efektivního využívání pracovních sil.  |c Eva Hüttlová, E. Hrabětová 
520 |a Tradičné formy organizácie práce a formy, ktoré umožňujú tvorivé uplatnenie pracovníkov. Striedanie pracovných operácií, ich združovanie, spojovanie funkcií, profesií. Použiteľnosť jednotlivých foriem organizácie práce. Možnosti uplatnenia kolektívnych foriem organizácie práce. Hodnotenie projektov organizácie práce, kvality pracovného života, pracovísk. Hodnotenie systémom pomerových ukazovateľov, radením ukazovateľov do skupín, metódou normovanej prácnosti a i. 
610 2 0 |a organizácia práce 
610 2 0 |a pracovníci 
610 2 0 |a pracovisko 
610 2 0 |a sily pracovné 
610 2 0 |a normovanie práce 
610 2 0 |a prácnosť 
100 1 |a Hüttlová, Eva 
700 1 |a Hrabětová, E.